| 000 | 00840cam a2200313 4500 | ||
|---|---|---|---|
| 008 | 090401t1995 xxu||||| |||| 00| 0 eng d | ||
| 020 | _a0632038039 | ||
| 035 | _a(Sirsi) u42246 | ||
| 041 | _aeng | ||
| 050 | _a621.3008 | ||
| 100 | _aEggleston, B. | ||
| 245 | _aModel forms of contract for electrical and mechanical plant. | ||
| 260 |
_aOxford _bBlackwell Science Ltd. _c1995 |
||
| 300 | _a416p. ; 24cm. | ||
| 350 | _a49.5 | ||
| 650 |
_aContracts _96232 |
||
| 650 | _aELECTRICAL ENGINEERING CONTRACTS | ||
| 650 | _aENGINEERING CONTRACTS | ||
| 650 | _aG/90 | ||
| 650 | _aLUMP SUM CONTRACTS | ||
| 650 | _aMECHANICAL ENGINEERING CONTRACTS | ||
| 650 | _aMF/1 | ||
| 650 | _aMF/2 | ||
| 650 | _aMF/3 | ||
| 650 | _aMODEL FORMS | ||
| 690 | _aBUILT ENVIRONMENT-BUILDING CONTRACT FORMS | ||
| 942 | _n0 | ||
| 948 | _c04/03/1997 | ||
| 999 |
_c91048 _d91048 |
||